| 000 | 01247nam a22003015a 4500 | ||
|---|---|---|---|
| 003 | EG-ScBUE | ||
| 005 | 20211205143640.0 | ||
| 008 | 170706s2013 ua f 000 mdara d | ||
| 017 | _a2013 / 15089 | ||
| 020 | _a9789777184601 | ||
| 040 |
_aEG-ScBUE _bara _erda _cEG-ScBUE _dEG-ScBUE |
||
| 082 | 0 | 4 |
_a892.746 _bم ا ز _222 |
| 100 | 1 |
_aالمازني، إبراهيم عبد القادر، _d1890-1949، _eمؤلف. |
|
| 245 | 1 | 0 |
_aإبراهيم عبد القادر المازني : _bالأعمال الكاملة المنشورة / _cجمع وتحقيق عبد السلام حيدر. |
| 264 | 1 |
_aالقاهرة : _bالمجلس الأعلى للثقافة، _c2013. |
|
| 300 |
_a1 مجلد ؛ _c24 سم |
||
| 336 |
_2rdacontent _aنص _btxt |
||
| 337 |
_2rdamedia _aبدون وسيط _bn |
||
| 338 |
_2rdacarrier _aمجلد _bnc |
||
| 500 | _aيشتمل على ملاحق. | ||
| 505 | 2 | _aالمجلد الأول. أعمال الترجمة الذاتية والرحلة. | |
| 650 | 7 |
_aالأدب العربي _zمصر _yقرن 20 _vمجموعات. _2BUEsh _941806 |
|
| 651 | _2BUEsh | ||
| 653 |
_bARALIT _cJuly2017 |
||
| 655 |
_vReading book _934232 |
||
| 700 | 1 |
_aحيدر، عبد السلام، _eجامع، _eمحقق. _940895 |
|
| 942 | _2ddc | ||
| 999 |
_c24993 _d24965 |
||